Symposium [de] Inflamación (Record no. 149137)

MARC details
000 -LEADER
campo de control de longitud fija 00665nam a2200181 4500
001 - NÚMERO DE CONTROL
campo de control 149137
003 - IDENTIFICADOR DE NÚMERO DE CONTROL
campo de control ES-MaACL
005 - FECHA Y HORA DE LA ÚLTIMA TRANSACCIÓN
campo de control 20230906202951.0
007 - CAMPO FIJO DE DESCRIPCIÓN FÍSICA--INFORMACIÓN GENERAL
campo de control de longitud fija t|
008 - DATOS DE LONGITUD FIJA--INFORMACIÓN GENERAL
campo de control de longitud fija 070214s1964 sp r ||||1| spa d
111 2# - ENTRADA PRINCIPAL--NOMBRE DE CONGRESO/REUNIÓN
Nombre de congreso/reunión o jurisdicción como elemento de entrada Symposium de Inflamacion.
9 (RLIN) 1098
245 10 - MENCIÓN DEL TÍTULO
Título Symposium [de] Inflamación
Resto del título : libro de actas.
260 ## - PUBLICACIÓN, DISTRIBUCIÓN, ETC.
Lugar de publicación, distribución, etc. Madrid :
Nombre del editor, distribuidor, etc. [s. n.],
Fecha de publicación, distribución, etc. [1964] (
Lugar de fabricación/manufactura Barcelona :
Fabricante La Polígrafa)
300 ## - DESCRIPCIÓN FÍSICA
Extensión 212 p., 3 lám. col. ;
Dimensiones 25 cm.
500 ## - NOTA GENERAL
Nota general Precede al tít.: Instituto de Investigaciones Clínicas y Médicas, Clínica de Nuestra Señora de la Concepción.
710 2# - ENTRADA AGREGADA--NOMBRE DE ENTIDAD CORPORATIVA
Nombre de entidad corporativa o nombre de jurisdicción como elemento de entrada Clínica de la Concepción (Madrid)
9 (RLIN) 2850
852 ## - LOCALIZACIÓN
Ubicación ES-MaACL
Número de control de estantería C-25244
Sublocalización o colección R.54167
Holdings
Estatus retirado Estado de pérdida Estado de daño No para préstamo Biblioteca de origen Biblioteca actual Ubicación en estantería Fecha de adquisición Fuente de adquisición Total de préstamos Signatura topográfica completa Código de barras Visto por última vez Precio de reemplazo Tipo de ítem Koha
        Biblioteca del Ateneo de Madrid Biblioteca del Ateneo de Madrid Depósito 2 17/01/2008     C-25244 1155627 23/02/2023 23/02/2023 Libro impreso